[Event "Poznan op 28th"]
[Site "Poznan"]
[Date "2021.08.15"]
[Round "2"]
[White "Czarnolewski, Piotr"]
[Black "Lanin, Boris Aleksandrovic"]
[Result "0-1"]
[WhiteElo "1562"]
[BlackElo "1949"]
[PlyCount "76"]
[EventDate "2021.08.15"]
[EventType "swiss"]
[EventRounds "9"]
[EventCountry "POL"]
[SourceTitle "CBM 203 Extra"]
[Source "ChessBase"]
[SourceDate "2021.09.30"]
[SourceVersion "1"]
[SourceVersionDate "2021.09.30"]
[SourceQuality "1"]

1. e4 g6 2. d4 d6 3. Nc3 Bg7 4. Be3 a6 5. Qd2 b5 6. h4 h5 7. Bd3 Nd7 8. Nh3 Bb7 9. Ng5 c5 10. d5 Rc8 11. f4 c4 12. Be2 b4 13. Nd1 c3 14. bxc3 bxc3 15. Qd3 Nc5 16. Bxc5 Rxc5 17. Ne3 Nh6 18. 0-0 Bc8 19. Rfb1 Qc7 20. g3 0-0 21. Kg2 a5 22. a3 Qa7 23. Rb3 Rc7 24. Nd1 Bg4 25. Ne3 Bd4 26. Nxg4 hxg4 27. a4 Rfc8 28. Qb5 Bf2 29. Qd3 Rc4 30. Rf1 Be3 31. Ra1 Bd2 32. Bf1 f5 33. Rab1 fxe4 34. Qe2 Nf5 35. Nxe4 Ne3+ 36. Kh2 Rxe4 37. Qd3 Nxf1+ 38. Rxf1 Qe3 0-1

[Event "Chelmno op 4th"]
[Site "Chelmno"]
[Date "2021.??.??"]
[Round "9"]
[White "Czarnolewski, Piotr"]
[Black "Fraczek, Weronika"]
[Result "1/2-1/2"]
[WhiteElo "1571"]
[BlackElo "1878"]
[PlyCount "61"]
[EventDate "2021.07.19"]
[EventType "swiss"]
[EventRounds "9"]
[EventCountry "POL"]
[SourceTitle "EXT 2022"]
[Source "ChessBase"]
[SourceDate "2021.10.06"]
[SourceVersion "1"]
[SourceVersionDate "2021.10.06"]
[SourceQuality "1"]

1. e4 c5 2. Nf3 e6 3. d4 cxd4 4. Nxd4 a6 5. c4 Qc7 6. Nc3 Bb4 7. Be3 Nf6 8. Qd3 Bxc3+ 9. bxc3 Ng4 10. Be2 Nxe3 11. Qxe3 d6 12. 0-0 Nd7 13. Nf3 Nb6 14. Nd2 0-0 15. a4 a5 16. Rfb1 Nd7 17. f4 Qc5 18. Kf2 Rd8 19. Nb3 Qc7 20. Nd4 Nc5 21. Bf3 Bd7 22. Nb5 Bxb5 23. cxb5 b6 24. c4 e5 25. f5 Nd7 26. Rc1 Rac8 27. g4 Qc5 28. Be2 Kf8 29. Rd1 Ke7 30. g5 Rh8 31. Rd5 1/2-1/2

[Event "Chelmno op 4th"]
[Site "Chelmno"]
[Date "2021.??.??"]
[Round "2"]
[White "Czarnolewski, Piotr"]
[Black "Szczypawka, Aleksandra"]
[Result "0-1"]
[WhiteElo "1571"]
[BlackElo "1757"]
[PlyCount "70"]
[EventDate "2021.07.19"]
[EventType "swiss"]
[EventRounds "9"]
[EventCountry "POL"]
[SourceTitle "EXT 2022"]
[Source "ChessBase"]
[SourceDate "2021.10.06"]
[SourceVersion "1"]
[SourceVersionDate "2021.10.06"]
[SourceQuality "1"]

1. e4 c5 2. Nf3 d6 3. d4 cxd4 4. Nxd4 Nf6 5. Nc3 a6 6. Be3 e6 7. f3 b5 8. Qd2 Be7 9. 0-0-0 Bb7 10. g4 h6 11. Bd3 Nbd7 12. h4 Nc5 13. g5 Ng8 14. Kb1 Qd7 15. a3 h5 16. b4 Nxd3 17. cxd3 g6 18. Rc1 Bf8 19. Nb3 Bg7 20. d4 Ne7 21. Na5 0-0 22. f4 Rfc8 23. Nxb7 Qxb7 24. Rhd1 a5 25. d5 axb4 26. axb4 Rc4 27. Na2 Rxe4 28. dxe6 fxe6 29. Rc2 Nd5 30. Bf2 Rxb4+ 31. Kc1 Qa6 32. Qe2 Nxf4 33. Qf3 Rc4 34. Rxc4 bxc4 35. Rd2 Nd3+ 0-1

[Event "Chelmno op 4th"]
[Site "Chelmno"]
[Date "2021.??.??"]
[Round "5"]
[White "Kaznowski, Daniel"]
[Black "Czarnolewski, Piotr"]
[Result "0-1"]
[WhiteElo "1501"]
[BlackElo "1571"]
[PlyCount "68"]
[EventDate "2021.07.19"]
[EventType "swiss"]
[EventRounds "9"]
[EventCountry "POL"]
[SourceTitle "EXT 2022"]
[Source "ChessBase"]
[SourceDate "2021.10.06"]
[SourceVersion "1"]
[SourceVersionDate "2021.10.06"]
[SourceQuality "1"]

1. e4 e5 2. Nf3 Nc6 3. Bc4 Nf6 4. d3 Bc5 5. Nc3 h6 6. 0-0 0-0 7. Na4 Be7 8. Nh4 d5 9. exd5 Nxd5 10. Qh5 Be6 11. Bxd5 Bxd5 12. Nf5 Bg5 13. Nc3 Be6 14. Ng3 Bxc1 15. Raxc1 Qg5 16. Qf3 Qe7 17. Nd5 Bxd5 18. Qe3 Be6 19. f4 exf4 20. Qxf4 Qd6 21. Qh4 Qd4+ 22. Qxd4 Nxd4 23. Rf4 c5 24. c3 Nc6 25. Ne4 b6 26. Re1 Rad8 27. Re3 Ne7 28. Rg3 Ng6 29. Rf2 Rd5 30. a3 Rfd8 31. b4 cxb4 32. axb4 Rxd3 33. Ra2 Rxg3 34. Nxg3 Bxa2 0-1

[Event "Poznan op 27th"]
[Site "Poznan"]
[Date "2019.08.25"]
[Round "9"]
[White "Glatty, Zbigniew"]
[Black "Czarnolewski, Piotr"]
[Result "0-1"]
[WhiteElo "1886"]
[BlackElo "1644"]
[PlyCount "106"]
[EventDate "2019.08.18"]
[EventType "swiss"]
[EventRounds "9"]
[EventCountry "POL"]
[SourceTitle "EXT 2020"]
[Source "ChessBase"]
[SourceDate "2019.10.17"]
[SourceVersion "1"]
[SourceVersionDate "2019.10.17"]
[SourceQuality "1"]

1. e4 e5 2. Nf3 Nc6 3. Bb5 a6 4. Ba4 Nf6 5. 0-0 Be7 6. Re1 b5 7. Bb3 0-0 8. c3 d5 9. exd5 Nxd5 10. Nxe5 Nxe5 11. Rxe5 c6 12. d4 Bd6 13. Re1 Qh4 14. g3 Qh3 15. Qd3 Bf5 16. Qf1 Qh5 17. Bd1 Qg6 18. Nd2 Nf4 19. Re3 Bh3 20. Qe1 Ng2 21. Qe2 Nxe3 22. fxe3 Rae8 23. Nf1 Re6 24. Bc2 Bf5 25. Bxf5 Qxf5 26. a4 h5 27. axb5 axb5 28. b3 Rfe8 29. c4 bxc4 30. bxc4 Be7 31. Bd2 Bf6 32. Ra5 Qg4 33. Qg2 h4 34. h3 Qd1 35. g4 g6 36. Ra6 Rxe3 37. Bxe3 Rxe3 38. Rxc6 Bxd4 39. Rd6 Re6+ 40. Rxd4 Qxd4+ 41. Qf2 Qxc4 42. Qxh4 Qd4+ 43. Qf2 Qxf2+ 44. Kxf2 Re4 45. Kf3 Ra4 46. h4 Kg7 47. Ne3 Kf6 48. Ng2 Ke5 49. g5 Rb4 50. Kg3 Re4 51. Kf3 Kf5 52. Kg3 Rg4+ 53. Kf3 Rxg2 0-1

[Event "Poznan op 27th"]
[Site "Poznan"]
[Date "2019.08.23"]
[Round "7"]
[White "Lakowski, Filip"]
[Black "Czarnolewski, Piotr"]
[Result "0-1"]
[WhiteElo "1272"]
[BlackElo "1644"]
[PlyCount "116"]
[EventDate "2019.08.18"]
[EventType "swiss"]
[EventRounds "9"]
[EventCountry "POL"]
[SourceTitle "EXT 2020"]
[Source "ChessBase"]
[SourceDate "2019.10.17"]
[SourceVersion "1"]
[SourceVersionDate "2019.10.17"]
[SourceQuality "1"]

1. e4 e5 2. Nf3 Nc6 3. Bc4 Nf6 4. d3 Be7 5. c3 0-0 6. Bb3 d5 7. 0-0 dxe4 8. dxe4 Qxd1 9. Rxd1 Bg4 10. h3 Bxf3 11. gxf3 Rad8 12. Rxd8 Rxd8 13. Bg5 Nh5 14. Bxe7 Nxe7 15. Na3 a6 16. Nc4 Ng6 17. Na5 b6 18. Nc4 Nhf4 19. Kh2 Kf8 20. Rd1 Rxd1 21. Bxd1 f6 22. Kg3 Ke7 23. Ne3 Nh8 24. Nf5+ Kf8 25. Bb3 Nhg6 26. Bc4 a5 27. Ne3 Ne7 28. Kg4 Nc8 29. Nd5 Nxd5 30. Bxd5 Ne7 31. f4 Ng6 32. f5 Nf4 33. Bc4 Ke7 34. b3 Kd6 35. a3 Kc5 36. a4 c6 37. Bg8 h6 38. Bc4 b5 39. Bf1 b4 40. cxb4+ Kxb4 41. Bc4 Kc3 42. Kg3 c5 43. f3 Kd4 44. h4 Ke3 45. Bb5 Kd4 46. Bc4 Kc3 47. Kg4 h5+ 48. Kg3 Nd3 49. Bf7 Nc1 50. Bxh5 Kxb3 51. Kg4 Nd3 52. Bf7+ Kxa4 53. Kh5 Nf4+ 54. Kg4 Kb4 55. Ba2 c4 56. Bb1 a4 57. Kg3 Kb3 58. Kf2 Kb2 0-1

[Event "Poznan op 27th"]
[Site "Poznan"]
[Date "2019.08.22"]
[Round "6"]
[White "Czarnolewski, Piotr"]
[Black "Andrzejewska, Maja"]
[Result "0-1"]
[WhiteElo "1644"]
[BlackElo "1314"]
[PlyCount "106"]
[EventDate "2019.08.18"]
[EventType "swiss"]
[EventRounds "9"]
[EventCountry "POL"]
[SourceTitle "EXT 2020"]
[Source "ChessBase"]
[SourceDate "2019.10.17"]
[SourceVersion "1"]
[SourceVersionDate "2019.10.17"]
[SourceQuality "1"]

1. e4 c5 2. Nf3 Nc6 3. d3 g6 4. g3 Bg7 5. Bg2 e6 6. 0-0 Nge7 7. Nbd2 0-0 8. c3 d5 9. Qe2 d4 10. c4 e5 11. Nb3 b6 12. Bd2 Qd6 13. Ne1 Rb8 14. a4 a5 15. f4 f5 16. fxe5 Nxe5 17. Bf4 Bb7 18. Nd2 Rbe8 19. Nef3 Nxf3+ 20. Nxf3 Qd8 21. Ng5 Bc8 22. e5 h6 23. Nf3 Nc6 24. Rae1 g5 25. Bd2 Nxe5 26. Nxe5 Rxe5 27. Bd5+ Kh7 28. Qh5 Rfe8 29. Rxe5 Rxe5 30. Bf7 Qf6 31. Bd5 Be6 32. Be4 Qg6 33. Qxg6+ Kxg6 34. Bf3 h5 35. Re1 Rxe1+ 36. Bxe1 g4 37. Be2 Bh6 38. Kg2 Bd7 39. b3 Bc6+ 40. Kf1 Bc1 41. Bf2 Kg5 42. Ke1 f4 43. Kd1 fxg3 44. hxg3 Be3 45. Be1 Bf3 46. Bd2 h4 47. gxh4+ Kxh4 48. Be1+ Kh3 49. b4 axb4 50. Bxb4 cxb4 51. c5 bxc5 52. Bxf3 gxf3 53. a5 Bf4 0-1

[Event "Poznan op 26th"]
[Site "Poznan"]
[Date "2018.08.24"]
[Round "7"]
[White "Poltorak, Sebastian"]
[Black "Czarnolewski, Piotr"]
[Result "1-0"]
[WhiteElo "1854"]
[BlackElo "1634"]
[PlyCount "41"]
[EventDate "2018.08.19"]
[EventType "swiss"]
[EventRounds "9"]
[EventCountry "POR"]
[SourceTitle "CBM 186 Extra"]
[Source "ChessBase"]
[SourceDate "2018.08.24"]
[SourceVersion "1"]
[SourceVersionDate "2018.08.24"]
[SourceQuality "1"]

1. d4 Nf6 2. c4 c5 3. d5 b5 4. cxb5 a6 5. bxa6 g6 6. Nc3 Bxa6 7. Nf3 d6 8. g3 Bg7 9. Bg2 Nbd7 10. Rb1 Nb6 11. b3 0-0 12. 0-0 Qc7 13. Bb2 Rfb8 14. Qc2 Nfd7 15. a4 Ne5 16. Nxe5 Bxe5 17. Rfc1 Nd7 18. Ne4 Bxb2 19. Rxb2 Rb4 20. Qd2 Kg7 21. Qxb4 1-0

[Event "Poznan op 26th"]
[Site "Poznan"]
[Date "2018.08.21"]
[Round "4"]
[White "Czarnolewski, Piotr"]
[Black "Duszczak, Dariusz"]
[Result "1/2-1/2"]
[WhiteElo "1634"]
[BlackElo "1845"]
[PlyCount "51"]
[EventDate "2018.08.19"]
[EventType "swiss"]
[EventRounds "9"]
[EventCountry "POR"]
[SourceTitle "CBM 186 Extra"]
[Source "ChessBase"]
[SourceDate "2018.08.24"]
[SourceVersion "1"]
[SourceVersionDate "2018.08.24"]
[SourceQuality "1"]

1. Nf3 e6 2. g3 b6 3. Bg2 Bb7 4. 0-0 f5 5. d3 Nf6 6. Nbd2 Be7 7. Re1 d5 8. c4 0-0 9. Qc2 Ng4 10. h3 Nh6 11. e4 c5 12. exd5 exd5 13. Ne5 Nf7 14. Ndf3 Nd7 15. Nxf7 Rxf7 16. Ne5 Rf8 17. cxd5 Nxe5 18. Rxe5 Bf6 19. Rxf5 g6 20. Rf4 Bxd5 21. Rxf6 Rxf6 22. Bg5 Bxg2 23. Bxf6 Qd5 24. Qc4 Qxc4 25. dxc4 Bxh3 26. Re1 1/2-1/2

[Event "Poznan op 26th"]
[Site "Poznan"]
[Date "2018.08.20"]
[Round "3"]
[White "Norov, Artem"]
[Black "Czarnolewski, Piotr"]
[Result "1/2-1/2"]
[WhiteElo "1905"]
[BlackElo "1634"]
[PlyCount "77"]
[EventDate "2018.08.19"]
[EventType "swiss"]
[EventRounds "9"]
[EventCountry "POR"]
[SourceTitle "CBM 186 Extra"]
[Source "ChessBase"]
[SourceDate "2018.08.24"]
[SourceVersion "1"]
[SourceVersionDate "2018.08.24"]
[SourceQuality "1"]

1. d4 Nf6 2. c4 c5 3. d5 b5 4. cxb5 a6 5. bxa6 g6 6. Nc3 Bxa6 7. Nf3 d6 8. g3 Bg7 9. Bg2 0-0 10. 0-0 Nbd7 11. h3 Qc7 12. Qc2 Rfb8 13. Rd1 Nb6 14. Ne1 Nfd7 15. Bf1 Ne5 16. b3 Ned7 17. Bb2 Nf6 18. Bg2 Nbd7 19. Rab1 Ra7 20. Ne4 Rab7 21. Nxf6+ Nxf6 22. Bc3 Ra7 23. e4 Nd7 24. Bxg7 Kxg7 25. Nf3 f6 26. Nd2 Ne5 27. Bf1 Bxf1 28. Kxf1 Qa5 29. Ra1 Qb5+ 30. Kg2 Qe2 31. Re1 Qb5 32. Re3 Qb4 33. f4 Nd7 34. Nc4 Nb6 35. Rc3 Nxc4 36. Rxc4 Qa3 37. Rc3 Qb4 38. Rc4 Qa3 39. Rc3 1/2-1/2

[Event "Poznan op 25th"]
[Site "Poznan"]
[Date "2017.08.27"]
[Round "9"]
[White "Czarnolewski, Piotr"]
[Black "Tadych, Szymon"]
[Result "1-0"]
[WhiteElo "1677"]
[BlackElo "1501"]
[PlyCount "120"]
[EventDate "2017.08.20"]
[EventType "swiss"]
[EventRounds "9"]
[EventCountry "POL"]
[SourceTitle "CBM 180 Extra"]
[Source "ChessBase"]
[SourceDate "2017.10.06"]
[SourceVersion "1"]
[SourceVersionDate "2017.10.06"]
[SourceQuality "1"]

1. e4 d6 2. Nf3 Nf6 3. d3 g6 4. g3 Bg7 5. Bg2 0-0 6. 0-0 c6 7. Nbd2 Qc7 8. a4 e5 9. a5 Be6 10. Re1 Nbd7 11. h3 Ne8 12. Ng5 b6 13. Nxe6 fxe6 14. Qg4 Nc5 15. b4 Nf6 16. Qe2 Ncd7 17. Nc4 b5 18. Ne3 d5 19. Ng4 d4 20. Bd2 Nxg4 21. Qxg4 Rae8 22. Rac1 Qd6 23. c4 Rf7 24. cxb5 cxb5 25. Qd1 Nb8 26. Qc2 Ree7 27. Qc5 Qa6 28. Qc8+ Rf8 29. Qxa6 Nxa6 30. Rc6 Nb8 31. Rc5 a6 32. Rec1 Ref7 33. f3 h5 34. h4 Kh8 35. Kf2 Kg8 36. Ke2 Re8 37. Bh3 Ree7 38. Bg5 Re8 39. Rc7 Rxc7 40. Rxc7 Bf8 41. Bd2 Bd6 42. Rb7 Re7 43. Rb6 Bc7 44. Rxe6 Rxe6 45. Bxe6+ Kg7 46. Bd5 Bd6 47. g4 hxg4 48. fxg4 Bc7 49. g5 Bd6 50. Kf3 Nd7 51. Kg4 Be7 52. h5 Bd6 53. Bb7 Nb8 54. Bc8 Nc6 55. Bxa6 Nxb4 56. Bxb5 Nc2 57. a6 gxh5+ 58. Kxh5 Bc5 59. Ba5 Ne3 60. Bc7 Kh7 1-0

[Event "Poznan op 25th"]
[Site "Poznan"]
[Date "2017.08.20"]
[Round "2"]
[White "Kaluzny, Stanislaw"]
[Black "Czarnolewski, Piotr"]
[Result "1-0"]
[WhiteElo "1361"]
[BlackElo "1677"]
[PlyCount "111"]
[EventDate "2017.08.20"]
[EventType "swiss"]
[EventRounds "9"]
[EventCountry "POL"]
[SourceTitle "CBM 180 Extra"]
[Source "ChessBase"]
[SourceDate "2017.10.06"]
[SourceVersion "1"]
[SourceVersionDate "2017.10.06"]
[SourceQuality "1"]

1. e4 g6 2. d4 Bg7 3. Nc3 d6 4. f4 a6 5. Nf3 b5 6. Bd3 Nd7 7. e5 c5 8. dxc5 Nxc5 9. 0-0 Bb7 10. Re1 e6 11. Be3 Nxd3 12. cxd3 d5 13. a3 Rc8 14. Ne2 Ne7 15. Nfd4 0-0 16. Qd2 Qd7 17. Rac1 Rfd8 18. Nb3 Nf5 19. d4 Bf8 20. Qd3 Rc4 21. Bd2 Rdc8 22. Na5 Rxc1 23. Rxc1 Ne7 24. Nxb7 Qxb7 25. Rc3 Rc4 26. b3 Rxc3 27. Qxc3 Qc8 28. b4 Qc4 29. Nc1 Nc8 30. Nb3 Nb6 31. Qxc4 dxc4 32. Nc5 Bxc5 33. dxc5 Nd5 34. Kf2 Kf8 35. Kf3 Ke7 36. Kg4 h6 37. h4 c3 38. Bc1 Kd7 39. h5 gxh5+ 40. Kxh5 c2 41. Bd2 Nc3 42. Kxh6 Ne2 43. Kg7 c1Q 44. Bxc1 Nxc1 45. Kxf7 Nd3 46. g4 Nxf4 47. g5 Nd3 48. g6 Nxe5+ 49. Kf6 Nxg6 50. Kxg6 Kc6 51. Kf6 Kd5 52. Ke7 Kc6 53. Kxe6 a5 54. Ke5 axb4 55. axb4 Kc7 56. Kd5 1-0

[Event "POL-chT3 Kujawsko Pomorskie 1617"]
[Site "Poland"]
[Date "2017.??.??"]
[Round "6.14"]
[White "Czarnolewski, Piotr"]
[Black "Kacprzak, Kacper"]
[Result "0-1"]
[WhiteElo "1663"]
[BlackElo "1627"]
[PlyCount "120"]
[EventDate "2016.11.06"]
[EventType "team-tourn"]
[EventRounds "9"]
[EventCountry "POL"]
[SourceTitle "EXT 2018"]
[Source "ChessBase"]
[SourceDate "2017.10.13"]
[SourceVersion "1"]
[SourceVersionDate "2017.10.13"]
[SourceQuality "1"]

1. e4 e6 2. d3 d5 3. Nd2 Nf6 4. Ngf3 Be7 5. g3 c5 6. Bg2 Nc6 7. 0-0 e5 8. exd5 Nxd5 9. Nc4 f6 10. a4 Be6 11. Ne3 Nc7 12. Nh4 g6 13. Nf3 Qd7 14. Re1 0-0-0 15. Nd2 g5 16. Ndc4 h5 17. Bd2 Rdg8 18. a5 g4 19. Bc3 Kb8 20. Qb1 Na6 21. Qa2 Nd4 22. Bxd4 cxd4 23. Nf1 h4 24. Nfd2 hxg3 25. fxg3 Rh5 26. Re2 Rgh8 27. Bh1 Bf8 28. Rf1 Be7 29. Rff2 Nb4 30. Qb1 Nd5 31. Nf1 Qb5 32. Qa1 Nb4 33. b3 Nd5 34. Nfd2 Ne3 35. Nf1 Nd5 36. Nfd2 Nc3 37. Re1 Nd5 38. Nf1 R8h6 39. Ree2 Nc3 40. Re1 Bb4 41. Nfd2 Qe8 42. Qc1 Qh8 43. Nf1 Na2 44. Qa1 Bxe1 45. Qxe1 Nc3 46. b4 Qh7 47. Nd6 Bd5 48. Bxd5 Nxd5 49. b5 Ne3 50. Nxe3 dxe3 51. Qxe3 Rxh2 52. Rxh2 Rxh2 53. Qe4 Qxe4 54. Nxe4 Rxc2 55. Nxf6 Rc3 56. Nxg4 Rxd3 57. Nxe5 Rxg3+ 58. Kf2 Rg5 59. Nd7+ Kc7 60. b6+ Kxd7 0-1

[Event "POL-chT3 Kujawsko Pomorskie 1516"]
[Site "Poland"]
[Date "2016.02.28"]
[Round "7"]
[White "Czarnolewski, Piotr"]
[Black "Halas, Przemyslaw"]
[Result "1-0"]
[WhiteElo "1702"]
[BlackElo "1981"]
[PlyCount "97"]
[EventDate "2015.11.08"]
[EventType "team-tourn"]
[EventRounds "9"]
[EventCountry "POL"]
[SourceTitle "EXT 2019"]
[Source "ChessBase"]
[SourceDate "2018.10.10"]
[SourceVersion "1"]
[SourceVersionDate "2018.10.10"]
[SourceQuality "1"]

1. e4 e5 2. Nf3 Nc6 3. Bb5 f5 4. Nc3 fxe4 5. Nxe4 Nf6 6. Nxf6+ Qxf6 7. Qe2 Be7 8. Bxc6 bxc6 9. Qxe5 0-0 10. Qxf6 Bxf6 11. 0-0 d6 12. h3 Bf5 13. d3 Rab8 14. Rb1 c5 15. b3 c4 16. Ne1 c3 17. Be3 Bd7 18. Nf3 Bc6 19. Nd4 Bd5 20. Ne2 c5 21. a4 Rfe8 22. Rfe1 Rb7 23. Kf1 Rbe7 24. Nf4 Bf7 25. g4 Rb7 26. Ng2 Bd5 27. Bf4 Rd8 28. Ne3 Be6 29. Nc4 Bxc4 30. dxc4 Rf7 31. Be3 Rdf8 32. Re2 a5 33. Rd1 Be5 34. Rd5 h6 35. Bxc5 dxc5 36. Rdxe5 Rc7 37. R5e3 Rd8 38. Re8+ Rxe8 39. Rxe8+ Kf7 40. Re3 Kf6 41. f4 Rd7 42. Rxc3 Rd2 43. Ke1 Rg2 44. Kd1 h5 45. gxh5 Kf5 46. Rd3 Kxf4 47. Rd5 Ke3 48. Kc1 Rh2 49. Kb2 1-0

[Event "POL-chT3 Kujawsko Pomorskie 1516"]
[Site "Poland"]
[Date "2016.01.10"]
[Round "4"]
[White "Lech, Piotr"]
[Black "Czarnolewski, Piotr"]
[Result "1/2-1/2"]
[WhiteElo "1726"]
[BlackElo "1702"]
[PlyCount "60"]
[EventDate "2015.11.08"]
[EventType "team-tourn"]
[EventRounds "9"]
[EventCountry "POL"]
[SourceTitle "EXT 2019"]
[Source "ChessBase"]
[SourceDate "2018.10.10"]
[SourceVersion "1"]
[SourceVersionDate "2018.10.10"]
[SourceQuality "1"]

1. d4 g6 2. Nf3 Bg7 3. e4 d6 4. Bc4 e6 5. 0-0 Nd7 6. Nc3 a6 7. a4 b6 8. Re1 Ne7 9. Bg5 h6 10. Bd2 0-0 11. h4 e5 12. dxe5 Nxe5 13. Nxe5 dxe5 14. Be3 Bb7 15. h5 Qxd1 16. Raxd1 Rfd8 17. hxg6 Nxg6 18. Nd5 Bxd5 19. Bxd5 Rab8 20. Rd3 Nf4 21. Bxf4 exf4 22. Red1 Rd6 23. b4 Kf8 24. b5 a5 25. Bc6 Rbd8 26. Rxd6 Rxd6 27. Rxd6 cxd6 28. Kf1 Ke7 29. Bd5 Bd4 30. Ke2 Kf6 1/2-1/2

[Event "POL-chT3 Kujawsko Pomorskie 1314"]
[Site "Poland"]
[Date "2014.??.??"]
[Round "9.19"]
[White "Grzenkowicz, Przemyslaw"]
[Black "Czarnolewski, Piotr"]
[Result "0-1"]
[WhiteElo "1833"]
[BlackElo "1747"]
[PlyCount "112"]
[EventDate "2013.11.03"]
[EventType "team-tourn"]
[EventRounds "11"]
[EventCountry "POL"]
[SourceTitle "EXT 2018"]
[Source "ChessBase"]
[SourceDate "2017.10.13"]
[SourceVersion "1"]
[SourceVersionDate "2017.10.13"]
[SourceQuality "1"]
[WhiteTeam "Bydgoszcz Wiartrak"]
[BlackTeam "Inowroclaw OSiR Pozkal"]
[WhiteTeamCountry "POL"]
[BlackTeamCountry "POL"]

1. d4 g6 2. e4 Bg7 3. Nc3 d6 4. Be3 a6 5. Qd2 h6 6. f3 Nd7 7. 0-0-0 b5 8. h4 e6 9. h5 g5 10. f4 f6 11. fxg5 fxg5 12. Nf3 Ne7 13. Bd3 0-0 14. Rdf1 c5 15. dxc5 Nxc5 16. Bxc5 dxc5 17. e5 c4 18. Be4 Qxd2+ 19. Kxd2 Rb8 20. g4 Rf4 21. Ke3 Rxg4 22. Rd1 Bb7 23. Bxb7 Rxb7 24. Rd8+ Kf7 25. Rf1 Nf5+ 26. Kd2 Rg2+ 27. Kc1 Ke7 28. Rg8 Bf8 29. Nd4 Rd7 30. Nc6+ Kf7 31. Rg6 Rdd2 32. Ne4 Rxc2+ 33. Kd1 Rxb2 34. Rxf5+ Ke8 35. Nf6+ Kf7 36. Nh7+ Ke8 37. Rxe6+ Kd7 38. Nxf8+ Kc7 39. Rf7+ Kb6 40. Nd7+ Kc7 41. Ndb8+ Kb6 42. Nd4+ Kc5 43. Ne2 Rbxe2 44. Rd6 Kb4 45. Nxa6+ Kc3 46. Rf3+ Kb2 47. e6 Rc2 48. Ke1 Rc1+ 49. Rd1 Rg1+ 50. Rf1 Rxd1+ 51. Kxd1 Rxf1+ 52. Ke2 Rf6 53. Nc7 Rf5 54. Ke3 Re5+ 55. Kd4 Re1 56. Nxb5 Rxe6 0-1

[Event "Poznan op 21st"]
[Site "Poznan"]
[Date "2013.08.14"]
[Round "9"]
[White "Warchol, Maria"]
[Black "Czarnolewski, Piotr"]
[Result "1-0"]
[WhiteElo "1869"]
[BlackElo "1722"]
[PlyCount "53"]
[EventDate "2013.08.07"]
[EventType "swiss"]
[EventRounds "9"]
[EventCountry "POL"]
[SourceTitle "CBM 155 Extra"]
[Source "ChessBase"]
[SourceDate "2013.08.26"]
[SourceVersion "1"]
[SourceVersionDate "2013.08.26"]
[SourceQuality "1"]

1. e4 g6 2. d4 Bg7 3. Nf3 d6 4. Be2 Nd7 5. Nc3 a6 6. 0-0 b5 7. a4 b4 8. Nd5 Rb8 9. a5 e6 10. Ne3 c5 11. Nc4 Qc7 12. dxc5 Nxc5 13. Nxd6+ Ke7 14. Bf4 Kf8 15. Nxc8 Qxc8 16. Qd6+ Ne7 17. Qxb8 Bxb2 18. Rab1 Bc3 19. Qxc8+ Nxc8 20. Be5 Bxe5 21. Nxe5 b3 22. cxb3 Nxe4 23. Rbc1 Ncd6 24. Rfd1 Ke7 25. Rc7+ Kf6 26. Ng4+ Kg5 27. f3 1-0

[Event "POL-chT3 Kujawsko Pomorskie 1213"]
[Site "Poland"]
[Date "2013.01.06"]
[Round "5.24"]
[White "Czarnolewski, Piotr"]
[Black "Gorski, Leszek"]
[Result "0-1"]
[WhiteElo "1750"]
[BlackElo "2073"]
[PlyCount "94"]
[EventDate "2012.11.04"]
[EventType "team-tourn"]
[EventRounds "11"]
[EventCountry "POL"]
[SourceTitle "EXT 2015"]
[Source "ChessBase"]
[SourceDate "2014.11.20"]
[SourceVersion "1"]
[SourceVersionDate "2014.11.20"]
[SourceQuality "1"]
[WhiteTeam "Inowroclaw OSiR Pozkal"]
[BlackTeam "Chojnice UKS Osemka"]
[WhiteTeamCountry "POL"]
[BlackTeamCountry "POL"]

1. e4 c5 2. b3 Nc6 3. Bb2 e6 4. Nf3 d6 5. Bb5 Bd7 6. 0-0 Nf6 7. d3 Be7 8. Nbd2 0-0 9. Nc4 d5 10. exd5 Nxd5 11. Bxc6 Bxc6 12. Nfe5 Rc8 13. Nxc6 Rxc6 14. Ne3 Bf6 15. Bxf6 Qxf6 16. Qd2 h6 17. Nxd5 exd5 18. Rae1 c4 19. dxc4 dxc4 20. Re4 Qb2 21. Qa5 cxb3 22. cxb3 Ra6 23. Qd5 Qxa2 24. Qxb7 Rb6 25. Qd7 Rxb3 26. Re8 Rb8 27. Re7 a5 28. Qd4 a4 29. Ree1 a3 30. Ra1 Qb2 31. Qxb2 axb2 32. Rab1 Rfc8 33. g3 Rc2 34. Kg2 Rbc8 35. h3 R8c3 36. Rg1 Kf8 37. Rgf1 Re2 38. Rbd1 Ke7 39. Rb1 Ke6 40. Rfd1 Ke7 41. Rf1 Rd3 42. Kg1 Kd6 43. Kg2 Kc5 44. h4 Kc4 45. Kh3 Kc3 46. Kg2 Kc2 47. Kg1 Rdd2 0-1

[Event "POL-chT3 Kujawsko Pomorskie 1314"]
[Site "Poland"]
[Date "2013.??.??"]
[Round "6.9"]
[White "Czarnolewski, Piotr"]
[Black "Zawada, Andrzej"]
[Result "1-0"]
[WhiteElo "1747"]
[BlackElo "1700"]
[PlyCount "125"]
[EventDate "2013.11.03"]
[EventType "team-tourn"]
[EventRounds "11"]
[EventCountry "POL"]
[SourceTitle "EXT 2015"]
[Source "ChessBase"]
[SourceDate "2014.11.20"]
[SourceVersion "1"]
[SourceVersionDate "2014.11.20"]
[SourceQuality "1"]
[WhiteTeam "Inowroclaw OSiR Pozkal"]
[BlackTeam "Bydgoszcz Chemik II"]
[WhiteTeamCountry "POL"]
[BlackTeamCountry "POL"]

1. e4 c5 2. Nf3 e6 3. d3 d6 4. g3 Nc6 5. Bg2 Nf6 6. 0-0 Be7 7. Nbd2 Bd7 8. a4 0-0 9. Re1 e5 10. c3 h6 11. Nc4 Bg4 12. Ne3 Be6 13. Qc2 Rb8 14. Nd2 Qd7 15. Nd5 Bh3 16. Nxf6+ Bxf6 17. Nc4 Bxg2 18. Kxg2 d5 19. Ne3 d4 20. Nd5 Bd8 21. f4 f6 22. f5 Ne7 23. Nxe7+ Bxe7 24. c4 a6 25. Qe2 Bd6 26. Qg4 Kh8 27. Bd2 Qf7 28. Reb1 Qe7 29. a5 Rfc8 30. Qd1 Kh7 31. h4 Rg8 32. h5 Rgc8 33. Qa4 Qe8 34. Qxe8 Rxe8 35. b4 Rec8 36. b5 Kg8 37. Rb3 Bc7 38. Rab1 Kf8 39. Kf3 Ke7 40. Ke2 Kd7 41. g4 Ke7 42. Kd1 Kd7 43. Kc2 Ke7 44. bxa6 bxa6 45. Rb7 Kd6 46. Ra7 Ra8 47. Rbb7 Rxa7 48. Rxa7 Kc6 49. Rxa6+ Kb7 50. Re6 Ra8 51. Re7 Kc6 52. Rxg7 Bxa5 53. Rg6 Bxd2 54. Rxf6+ Kd7 55. Kxd2 Rg8 56. Rg6 Ra8 57. Rxh6 Ra2+ 58. Kc1 Rg2 59. Rg6 Rg3 60. h6 Rxd3 61. h7 Rh3 62. Rg7+ Kd6 63. g5 1-0

[Event "POL-chT3 Kujawsko Pomorskie 1213"]
[Site "Poland"]
[Date "2012.12.09"]
[Round "4.14"]
[White "Szmidt, Przemyslaw"]
[Black "Czarnolewski, Piotr"]
[Result "1-0"]
[WhiteElo "1902"]
[BlackElo "1750"]
[PlyCount "55"]
[EventDate "2012.11.04"]
[EventType "team-tourn"]
[EventRounds "11"]
[EventCountry "POL"]
[SourceTitle "EXT 2015"]
[Source "ChessBase"]
[SourceDate "2014.11.20"]
[SourceVersion "1"]
[SourceVersionDate "2014.11.20"]
[SourceQuality "1"]
[WhiteTeam "Swiecie Gambit"]
[BlackTeam "Inowroclaw OSiR Pozkal"]
[WhiteTeamCountry "POL"]
[BlackTeamCountry "POL"]

1. e4 g6 2. d4 Bg7 3. c3 d6 4. f4 Nf6 5. Bd3 e5 6. Nf3 Nbd7 7. fxe5 dxe5 8. dxe5 Ng8 9. 0-0 Nxe5 10. Nxe5 Bxe5 11. Bb5+ c6 12. Qxd8+ Kxd8 13. Bc4 f6 14. Nd2 Ke7 15. Nf3 Bc7 16. e5 Bf5 17. exf6+ Kxf6 18. Be3 Bb6 19. Bd4+ Bxd4+ 20. Nxd4 Kg5 21. Nf3+ Kh6 22. Ne5 Nf6 23. Nf7+ Kg7 24. Nxh8 Rxh8 25. Rae1 Ne4 26. g4 Nd2 27. gxf5 Nxc4 28. f6+ 1-0